Statistics for Canadian Cities A-Z

Click here to take the quiz!

General Stats

  • This quiz has been taken 115 times
    (81 since last reset)
  • The average score is 14 of 23

Answer Stats

HintAnswer% Correct
CCalgary
92%
VVancouver
90%
EEdmonton
89%
QQuebec City
89%
TToronto
89%
HHalifax
82%
MMontreal
82%
OOttawa
80%
WWinnipeg
80%
RRegina
76%
YYellowknife
69%
LLondon
65%
SSt. John's
65%
FFredericton
58%
IIqaluit
55%
AAbbotsford
48%
KKitchener
45%
BBrandon
39%
GGuelph
38%
NNanaimo
37%
PPrince George
30%
DDrummondville
23%
JJoliette
13%

Score Distribution

Percentile by Number Answered

Percent of People with Each Score

Your Score History

You have not taken this quiz since the last reset